| 000 | 01613cam a2200361 i 4500 | ||
|---|---|---|---|
| 001 | xx001179315 | ||
| 003 | NUKAT | ||
| 005 | 20260423215912.0 | ||
| 008 | 080822s1874 pl |000 0 pol c | ||
| 035 | _a(OCoLC)297558971 | ||
| 035 | _a(NUKAT)xx001179315 | ||
| 040 |
_aKR 295/DR _cKR 295/DR _dKR 295/BW _dKR 295/DRs _dKR U/42KJs |
||
| 041 | 0 |
_apol _ager |
|
| 245 | 0 | 0 |
_aWażniejsze dokumenta odnoszące się do swojego udziału w sprawach i losach Zakładów Naukowych b. W. M. Krakowa i jego Okręgu / _czebrał i objaśnił jako przyczynek do historyi tychże Maciej Józef Brodowicz. |
| 260 |
_aKraków : _bnakł. Autora, _c1874 _e(Kraków : _fDrukarnia Uniwersytetu Jagiellońskiego pod zarządem Ignacego Stelcla). |
||
| 300 |
_aCLIV, 440 s. pag. varia ; _c23 cm. |
||
| 336 |
_aTekst _btxt _2rdacontent |
||
| 337 |
_aBez urządzenia pośredniczącego _bn _2rdamedia |
||
| 338 |
_aWolumin _bnc _2rdacarrier |
||
| 510 | 4 |
_aEstr. (reed.), _ct. 2, s. 521. |
|
| 546 | _aTekst częściowo niem. | ||
| 650 | 7 |
_aUniwersytety i uczelnie _zPolska _zKraków _y19 w. _vźródła. _2kaba _940441 |
|
| 650 | 2 |
_aTowarzystwa naukowe _xorganizacja i zarządzanie _940442 |
|
| 650 | 2 |
_aTowarzystwa naukowe _xprawo _940443 |
|
| 650 | 2 |
_aUniwersytety _xorganizacja i zarządzanie _940444 |
|
| 650 | 2 |
_aUniwersytety _xprawo _940445 |
|
| 650 | 2 |
_aSzpitale uniwersyteckie _xorganizacja i zarządzanie _940446 |
|
| 650 | 2 |
_aSzpitale uniwersyteckie _xprawo _940447 |
|
| 651 | 2 |
_aPolska _940448 |
|
| 655 | 2 |
_aAkty prawne [Typ publikacji] _940449 |
|
| 700 | 1 |
_aBrodowicz, Maciej Józef _d(1790-1885). _eOprac. _940440 |
|
| 942 |
_2ddc _cBK_NM |
||
| 999 |
_c27740 _d27740 |
||